Modern surface technology / (Record no. 25673)

MARC details
000 -LEADER
fixed length control field 01838cam a22004455a 4500
003 - CONTROL NUMBER IDENTIFIER
control field EG-ScBUE
005 - DATE AND TIME OF LATEST TRANSACTION
control field 20210607094350.0
008 - FIXED-LENGTH DATA ELEMENTS--GENERAL INFORMATION
fixed length control field 070718t2006 gw a f b 001 0 eng d
020 ## - INTERNATIONAL STANDARD BOOK NUMBER
International Standard Book Number 9783527315321
020 ## - INTERNATIONAL STANDARD BOOK NUMBER
International Standard Book Number 3527315322
035 ## - SYSTEM CONTROL NUMBER
System control number (OCoLC)ocm65768362
040 ## - CATALOGING SOURCE
Original cataloging agency UKM
Language of cataloging eng
Description conventions rda
Transcribing agency UKM
Modifying agency BAKER
-- OHX
-- YDXCP
-- HKP
-- IXA
-- DLC
-- EG-ScBUE
041 1# - LANGUAGE CODE
Language code of text/sound track or separate title eng
Language code of original and/or intermediate translations of text ger
082 04 - DEWEY DECIMAL CLASSIFICATION NUMBER
Classification number 667.9
Item number MOD
Edition number 22
130 0# - MAIN ENTRY--UNIFORM TITLE
Uniform title Moderne Beschichtungsverfahren.
Language of a work English.
245 00 - TITLE STATEMENT
Title Modern surface technology /
Statement of responsibility, etc edited by Friedrich-Wilhelm Bach, Andreas Laarmann and Thomas Wenz ; translated from German by C. Benjamin Nakhosteen.
264 #1 - PUBLICATION, DISTRIBUTION, ETC. (IMPRINT)
Place of publication, distribution, etc Weinheim, Germany :
Name of publisher, distributor, etc Wiley-VCH Verlag GmbH & Co.,
Date of publication, distribution, etc [2006]
264 #4 - PUBLICATION, DISTRIBUTION, ETC. (IMPRINT)
Date of publication, distribution, etc c2006
300 ## - PHYSICAL DESCRIPTION
Extent xx, 325 pages :
Other physical details illustrations ;
Dimensions 25 cm
336 ## - CONTENT TYPE
Source rdacontent
Content type term text
Content type code txt
337 ## - MEDIA TYPE
Source rdamedia
Media type term unmediated
Media type code n
338 ## - CARRIER TYPE
Source rdacarrier
Carrier type term volume
Carrier type code nc
504 ## - BIBLIOGRAPHY, ETC. NOTE
Bibliography, etc Includes bibliographical references and index.
546 ## - LANGUAGE NOTE
Language note Text in English ; Translated from the German.
650 #7 - SUBJECT ADDED ENTRY--TOPICAL TERM
Topical term or geographic name as entry element Coatings.
Source of heading or term BUEsh
650 #7 - SUBJECT ADDED ENTRY--TOPICAL TERM
Topical term or geographic name as entry element Coating processes.
Source of heading or term BUEsh
651 ## - SUBJECT ADDED ENTRY--GEOGRAPHIC NAME
Source of heading or term BUEsh
653 ## - INDEX TERM--UNCONTROLLED
Arrived date list November2017
Resource For college Generalities
655 ## - INDEX TERM--GENRE/FORM
Form subdivision Reading book
9 (RLIN) 34232
700 1# - ADDED ENTRY--PERSONAL NAME
Personal name Bach, Friedrich-Wilhelm,
Relator term editor.
9 (RLIN) 36290
700 1# - ADDED ENTRY--PERSONAL NAME
Personal name Laarmann, Andreas,
Relator term editor.
700 1# - ADDED ENTRY--PERSONAL NAME
Personal name Wenz, Thomas,
Relator term editor.
700 1# - ADDED ENTRY--PERSONAL NAME
Personal name Nakhosteen, C. Benjamin,
Relator term translator.
856 42 - ELECTRONIC LOCATION AND ACCESS
Materials specified Contributor biographical information
Uniform Resource Identifier <a href="http://www.loc.gov/catdir/enhancements/fy0739/2007451281-b.html">http://www.loc.gov/catdir/enhancements/fy0739/2007451281-b.html</a>
856 42 - ELECTRONIC LOCATION AND ACCESS
Materials specified Publisher description
Uniform Resource Identifier <a href="http://www.loc.gov/catdir/enhancements/fy0739/2007451281-d.html">http://www.loc.gov/catdir/enhancements/fy0739/2007451281-d.html</a>
856 41 - ELECTRONIC LOCATION AND ACCESS
Materials specified Table of contents only
Uniform Resource Identifier <a href="http://www.loc.gov/catdir/enhancements/fy0739/2007451281-t.html">http://www.loc.gov/catdir/enhancements/fy0739/2007451281-t.html</a>
906 ## - LOCAL DATA ELEMENT F, LDF (RLIN)
a 7
b cbc
c copycat
d 3
e ncip
f 20
g y-gencatlg
942 ## - ADDED ENTRY ELEMENTS (KOHA)
Source of classification or shelving scheme Dewey Decimal Classification
Koha item type Book - Borrowing
Holdings
Withdrawn status Lost status Source of classification or shelving scheme Damaged status Not for loan Home library Current library Shelving location Date acquired Total Checkouts Full call number Barcode Date last seen Koha item type Collection code Source of acquisition Price effective from
    Dewey Decimal Classification     Central Library Central Library First floor 26/11/2017   667.9 MOD 000046907 15/07/2025 Book - Borrowing      
    Dewey Decimal Classification     Central Library Central Library First floor 07/06/2021   667.9 MOD 000050285 15/07/2025 Book - Borrowing Baccah Purchase 07/06/2021
    Dewey Decimal Classification     Central Library Central Library First floor 07/06/2021   667.9 MOD 000050286 15/07/2025 NB - Book (Non borrowing) Baccah Purchase 07/06/2021